Facilities managment legal update 2007 (Record no. 106690)
[ view plain ]
| 000 -LEADER | |
|---|---|
| fixed length control field | 00413cam a2200169 4500 |
| 001 - CONTROL NUMBER | |
| control field | L137211 |
| 008 - FIXED-LENGTH DATA ELEMENTS--GENERAL INFORMATION | |
| fixed length control field | 070322s2006 xxk f 000 0 eng d |
| 020 ## - INTERNATIONAL STANDARD BOOK NUMBER | |
| International Standard Book Number | 1900648598 |
| 035 ## - SYSTEM CONTROL NUMBER | |
| System control number | (Sirsi) u137211 |
| 041 0# - LANGUAGE CODE | |
| Language code of text/sound track or separate title | eng |
| 245 00 - TITLE STATEMENT | |
| Title | Facilities managment legal update 2007 |
| 260 ## - PUBLICATION, DISTRIBUTION, ETC. | |
| Place of publication, distribution, etc. | Workplace Law Group Limited |
| Date of publication, distribution, etc. | 2006 |
| 350 ## - PRICE (NR) (BK AM CF MU VM SE) [OBSOLETE] | |
| Price | 89.10 |
| 651 #4 - SUBJECT ADDED ENTRY--GEOGRAPHIC NAME | |
| Geographic name | England and Wales |
| Chronological subdivision | 1543- |
| 942 ## - ADDED ENTRY ELEMENTS (KOHA) | |
| Suppress in OPAC | 0 |
No items available.